000 00611nam a22001337a 4500
040 _cRUA
082 _aAGR LIM 2015 B516 Or.1
100 _aLIM SEYHA; លឹម សីហា
245 _aEffect of urea on soybean DT84 at royal university of agriculture; ឥទ្ធិពលជីអ៊ុយរ៉េទៅលើការលូតលាស់ដំណាំសណ្តែកសៀងពូជ DT84ដាំនៅសាកលវិទ្យាល័យភូមិន្ទកសិកម្ម
260 _aPhnom Penh
_bRUA
_c2015
300 _aix;42p;
_bill;
_c29cm;
856 _uLIM SEYHA
942 _cAGR
999 _c10535
_d10535